<?xml version="1.0" encoding="UTF-8"?>
<record
    xmlns:xsi="http://www.w3.org/2001/XMLSchema-instance"
    xsi:schemaLocation="http://www.loc.gov/MARC21/slim http://www.loc.gov/standards/marcxml/schema/MARC21slim.xsd"
    xmlns="http://www.loc.gov/MARC21/slim">

  <leader>03723nam0a22005891  4500</leader>
  <controlfield tag="001">v19\rc\1278914</controlfield>
  <controlfield tag="005">20260408064030.0</controlfield>
  <datafield tag="035" ind1=" " ind2=" ">
    <subfield code="a">(NLR Aleph) 004429728</subfield>
  </datafield>
  <datafield tag="090" ind1=" " ind2=" ">
    <subfield code="a">4250265</subfield>
    <subfield code="c">4250265</subfield>
  </datafield>
  <datafield tag="100" ind1=" " ind2=" ">
    <subfield code="a">20060306d1829    m  y0rusy50      ca</subfield>
  </datafield>
  <datafield tag="101" ind1="0" ind2=" ">
    <subfield code="a">rus</subfield>
  </datafield>
  <datafield tag="102" ind1=" " ind2=" ">
    <subfield code="a">RU</subfield>
  </datafield>
  <datafield tag="135" ind1=" " ind2=" ">
    <subfield code="a">crcn 024anaba</subfield>
  </datafield>
  <datafield tag="140" ind1=" " ind2=" ">
    <subfield code="a">y   &#x443;    zz      yyy        </subfield>
  </datafield>
  <datafield tag="200" ind1="1" ind2=" ">
    <subfield code="a">&#x412;&#x435;&#x440;&#x43D;&#x435;&#x439;&#x448;&#x438;&#x439; &#x441;&#x43F;&#x43E;&#x441;&#x43E;&#x431; &#x43B;&#x435;&#x447;&#x438;&#x442;&#x44C; &#x43F;&#x435;&#x440;&#x435;&#x43C;&#x435;&#x436;&#x430;&#x44E;&#x449;&#x438;&#x44F;&#x441;&#x44F; &#x43B;&#x438;&#x445;&#x43E;&#x440;&#x430;&#x434;&#x43A;&#x438; &#x44E;&#x436;&#x43D;&#x430;&#x433;&#x43E; &#x43A;&#x440;&#x430;&#x44F;,</subfield>
    <subfield code="f">&#x438;&#x437;&#x43E;&#x431;&#x440;&#x435;&#x442;&#x435;&#x43D;&#x43D;&#x44B;&#x439; &#x438; &#x447;&#x435;&#x440;&#x435;&#x437; &#x434;&#x432;&#x435;&#x43D;&#x430;&#x434;&#x446;&#x430;&#x442;&#x44C; &#x43B;&#x435;&#x442; &#x438;&#x441;&#x43F;&#x44B;&#x442;&#x430;&#x43D;&#x43D;&#x44B;&#x439; &#x438;&#x441;&#x43F;&#x440;&#x430;&#x432;&#x43B;&#x44F;&#x44E;&#x449;&#x438;&#x43C; &#x434;&#x43E;&#x43B;&#x436;&#x43D;&#x43E;&#x441;&#x442;&#x44C; &#x438;&#x43D;&#x441;&#x43F;&#x435;&#x43A;&#x442;&#x43E;&#x440;&#x430; &#x425;&#x435;&#x440;&#x441;&#x43E;&#x43D;&#x441;&#x43A;&#x43E;&#x439; &#x432;&#x440;&#x430;&#x447;&#x435;&#x431;&#x43D;&#x43E;&#x439; &#x443;&#x43F;&#x440;&#x430;&#x432;&#x44B; &#x434;&#x43E;&#x43A;&#x442;&#x43E;&#x440;&#x43E;&#x43C; &#x43C;&#x435;&#x434;&#x438;&#x446;&#x438;&#x43D;&#x44B; &#x438; &#x43A;&#x43E;&#x43B;&#x43B;&#x435;&#x436;&#x441;&#x43A;&#x438;&#x43C; &#x430;&#x441;&#x441;&#x435;&#x441;&#x441;&#x43E;&#x440;&#x43E;&#x43C; &#x410;&#x43D;&#x442;&#x43E;&#x43D;&#x43E;&#x43C; &#x413;&#x43B;&#x430;&#x434;&#x43A;&#x438;&#x43C;</subfield>
  </datafield>
  <datafield tag="210" ind1=" " ind2=" ">
    <subfield code="a">&#x421;&#x430;&#x43D;&#x43A;&#x442;&#x43F;&#x435;&#x442;&#x435;&#x440;&#x431;&#x443;&#x440;&#x433;</subfield>
    <subfield code="c">&#x432; &#x442;&#x438;&#x43F;&#x43E;&#x433;&#x440;&#x430;&#x444;&#x438;&#x438; &#x41A;&#x430;&#x440;&#x43B;&#x430; &#x41A;&#x440;&#x430;&#x439;&#x44F;</subfield>
    <subfield code="d">1829</subfield>
  </datafield>
  <datafield tag="215" ind1=" " ind2=" ">
    <subfield code="a">VIII, 32 &#x441;.</subfield>
    <subfield code="d">8&#xB0;</subfield>
  </datafield>
  <datafield tag="300" ind1=" " ind2=" ">
    <subfield code="a">&#x426;&#x435;&#x43D;&#x437;.: &#x414;.&#x41C;. &#x412;&#x435;&#x43B;&#x43B;&#x430;&#x43D;&#x441;&#x43A;&#x438;&#x439;, &#x424;. &#x41C;&#x430;&#x442;&#x430;&#x43A;&#x435;&#x432;&#x438;&#x447;, &#x41F;.&#x410;. &#x427;&#x430;&#x440;&#x443;&#x43A;&#x43E;&#x432;&#x441;&#x43A;&#x438;&#x439;, 19 &#x441;&#x435;&#x43D;&#x442;. 1827 &#x433;.; &#x410;.&#x418;. &#x41A;&#x440;&#x430;&#x441;&#x43E;&#x432;&#x441;&#x43A;&#x438;&#x439;, 19 &#x43E;&#x43A;&#x442;. 1827 &#x433;.</subfield>
  </datafield>
  <datafield tag="300" ind1=" " ind2=" ">
    <subfield code="a">&#x41D;&#x430; &#x441;. III &#x43F;&#x43E;&#x441;&#x432;&#x44F;&#x449;. &#x430;&#x432;&#x442;. &#x433;&#x440;&#x430;&#x444;&#x443; &#x41C;.&#x421;. &#x412;&#x43E;&#x440;&#x43E;&#x43D;&#x446;&#x43E;&#x432;&#x443;.</subfield>
  </datafield>
  <datafield tag="300" ind1=" " ind2=" ">
    <subfield code="a">&#x41D;&#x430; &#x441;. V-VIII &#x43F;&#x440;&#x435;&#x434;&#x438;&#x441;&#x43B;. &#x430;&#x432;&#x442;.</subfield>
  </datafield>
  <datafield tag="316" ind1=" " ind2=" ">
    <subfield code="a">&#x42D;&#x43A;&#x437;. &#x420;&#x41D;&#x411; (18.4.3.181) &#x432; &#x43E;&#x431;&#x43B;. &#x438;&#x437; &#x433;&#x43E;&#x43B;&#x443;&#x431;&#x43E;&#x439; &#x431;&#x443;&#x43C;&#x430;&#x433;&#x438;. &#x41D;&#x430; 1-&#x439; &#x438; 2-&#x439; &#x441;. &#x43E;&#x431;&#x43B;. &#x44F;&#x440;&#x43B;&#x44B;&#x43A;&#x438; &#x441; &#x448;&#x438;&#x444;&#x440;&#x43E;&#x43C; &#x420;&#x41D;&#x411;. &#x41D;&#x430; 2-&#x439; &#x441;. &#x43E;&#x431;&#x43B;. &#x440;&#x443;&#x43A;&#x43E;&#x43F;. &#x43F;&#x43E;&#x43C;&#x435;&#x442;&#x430; (&#x43D;&#x435; &#x447;&#x438;&#x442;&#x430;&#x435;&#x43C;&#x430;). &#x41D;&#x430; &#x442;&#x438;&#x442;. &#x43B;. &#x448;&#x442;&#x430;&#x43C;&#x43F; &#x418;&#x411; &#x432; &#x432;&#x435;&#x43D;&#x43A;&#x435; &#x441; &#x43A;&#x43E;&#x440;&#x43E;&#x43D;&#x43E;&#x439;. &#x41D;&#x430; &#x442;&#x438;&#x442;. &#x43B;., &#x441;.17 &#x438; &#x441;.32 &#x43A;&#x440;&#x443;&#x433;&#x43B;&#x44B;&#x439; &#x448;&#x442;&#x430;&#x43C;&#x43F; &#x413;&#x41F;&#x411;. &#x420;&#x430;&#x437;&#x43C;&#x435;&#x440;: 19,3&#x445;12,1&#x445;0,5 &#x441;&#x43C;.</subfield>
    <subfield code="5">NLR: 18.4.3.181</subfield>
  </datafield>
  <datafield tag="325" ind1=" " ind2=" ">
    <subfield code="a">&#x41A;&#x43E;&#x43F;&#x438;&#x44F; &#x434;&#x43E;&#x441;&#x442;&#x443;&#x43F;&#x43D;&#x430; &#x432; &#x42D;&#x43B;&#x435;&#x43A;&#x442;&#x440;&#x43E;&#x43D;. &#x431;-&#x43A;&#x435; &#x420;&#x41D;&#x411;</subfield>
  </datafield>
  <datafield tag="518" ind1="1" ind2=" ">
    <subfield code="a">&#x412;&#x435;&#x440;&#x43D;&#x435;&#x439;&#x448;&#x438;&#x439; &#x441;&#x43F;&#x43E;&#x441;&#x43E;&#x431; &#x43B;&#x435;&#x447;&#x438;&#x442;&#x44C; &#x43F;&#x435;&#x440;&#x435;&#x43C;&#x435;&#x436;&#x430;&#x44E;&#x449;&#x438;&#x435;&#x441;&#x44F; &#x43B;&#x438;&#x445;&#x43E;&#x440;&#x430;&#x434;&#x43A;&#x438; &#x44E;&#x436;&#x43D;&#x43E;&#x433;&#x43E; &#x43A;&#x440;&#x430;&#x44F;</subfield>
  </datafield>
  <datafield tag="620" ind1=" " ind2=" ">
    <subfield code="a">&#x421;&#x430;&#x43D;&#x43A;&#x442;-&#x41F;&#x435;&#x442;&#x435;&#x440;&#x431;&#x443;&#x440;&#x433;</subfield>
  </datafield>
  <datafield tag="700" ind1=" " ind2="1">
    <subfield code="a">&#x413;&#x43B;&#x430;&#x434;&#x43A;&#x438;&#x439;</subfield>
    <subfield code="b">&#x410;.</subfield>
    <subfield code="f">1778-1846</subfield>
    <subfield code="g">&#x410;&#x43D;&#x442;&#x43E;&#x43D;</subfield>
    <subfield code="4">070</subfield>
  </datafield>
  <datafield tag="702" ind1=" " ind2="1">
    <subfield code="4">190</subfield>
    <subfield code="a">&#x41A;&#x440;&#x430;&#x441;&#x43E;&#x432;&#x441;&#x43A;&#x438;&#x439;</subfield>
    <subfield code="b">&#x410;. &#x418;.</subfield>
    <subfield code="f">1780-1857</subfield>
    <subfield code="g">&#x410;&#x43B;&#x435;&#x43A;&#x441;&#x430;&#x43D;&#x434;&#x440; &#x418;&#x432;&#x430;&#x43D;&#x43E;&#x432;&#x438;&#x447;</subfield>
    <subfield code="9">188266</subfield>
    <subfield code="3">RU\NLR\AUTH\770188317</subfield>
  </datafield>
  <datafield tag="702" ind1=" " ind2="1">
    <subfield code="a">&#x412;&#x435;&#x43B;&#x43B;&#x430;&#x43D;&#x441;&#x43A;&#x438;&#x439;</subfield>
    <subfield code="b">&#x414;.&#x41C;.</subfield>
    <subfield code="f">1774-1847</subfield>
    <subfield code="g">&#x414;&#x430;&#x43D;&#x438;&#x43B;&#x43E; &#x41C;&#x438;&#x445;&#x430;&#x439;&#x43B;&#x43E;&#x432;&#x438;&#x447;</subfield>
    <subfield code="4">190</subfield>
  </datafield>
  <datafield tag="702" ind1=" " ind2="1">
    <subfield code="a">&#x41C;&#x430;&#x442;&#x430;&#x43A;&#x435;&#x432;&#x438;&#x447;</subfield>
    <subfield code="b">&#x424;.</subfield>
    <subfield code="f">1789-1833</subfield>
    <subfield code="g">&#x424;&#x435;&#x43B;&#x438;&#x43A;&#x441;</subfield>
    <subfield code="4">190</subfield>
  </datafield>
  <datafield tag="702" ind1=" " ind2="1">
    <subfield code="a">&#x427;&#x430;&#x440;&#x443;&#x43A;&#x43E;&#x432;&#x441;&#x43A;&#x438;&#x439;</subfield>
    <subfield code="b">&#x41F;.&#x410;.</subfield>
    <subfield code="f">1790-1842</subfield>
    <subfield code="g">&#x41F;&#x440;&#x43E;&#x445;&#x43E;&#x440; &#x410;&#x43B;&#x435;&#x43A;&#x441;&#x435;&#x435;&#x432;&#x438;&#x447;</subfield>
    <subfield code="4">190</subfield>
  </datafield>
  <datafield tag="702" ind1=" " ind2="1">
    <subfield code="4">280</subfield>
    <subfield code="8">rus</subfield>
    <subfield code="7">ca</subfield>
    <subfield code="a">&#x412;&#x43E;&#x440;&#x43E;&#x43D;&#x446;&#x43E;&#x432;</subfield>
    <subfield code="b">&#x41C;. &#x421;.</subfield>
    <subfield code="f">1782-1856</subfield>
    <subfield code="g">&#x41C;&#x438;&#x445;&#x430;&#x438;&#x43B; &#x421;&#x435;&#x43C;&#x435;&#x43D;&#x43E;&#x432;&#x438;&#x447;</subfield>
    <subfield code="3">RU\NLR\AUTH\7750867</subfield>
    <subfield code="9">33801</subfield>
  </datafield>
  <datafield tag="702" ind1=" " ind2="1">
    <subfield code="4">610</subfield>
    <subfield code="7">ca</subfield>
    <subfield code="8">rus</subfield>
    <subfield code="a">&#x41A;&#x440;&#x430;&#x439;</subfield>
    <subfield code="b">&#x41A;.</subfield>
    <subfield code="c">&#x438;&#x437;&#x434;&#x430;&#x442;&#x435;&#x43B;&#x44C;</subfield>
    <subfield code="f">1773-1832</subfield>
    <subfield code="g">&#x41A;&#x430;&#x440;&#x43B;</subfield>
    <subfield code="9">216525</subfield>
    <subfield code="3">RU\NLR\AUTH\770216581</subfield>
  </datafield>
  <datafield tag="712" ind1="0" ind2="0">
    <subfield code="4">610</subfield>
    <subfield code="a">&#x41A;&#x440;&#x430;&#x439;,</subfield>
    <subfield code="g">&#x41A;&#x430;&#x440;&#x43B;,</subfield>
    <subfield code="h">&#x442;&#x438;&#x43F;&#x43E;&#x433;&#x440;&#x430;&#x444;&#x438;&#x44F;</subfield>
    <subfield code="c">&#x41F;&#x435;&#x442;&#x435;&#x440;&#x431;&#x443;&#x440;&#x433;</subfield>
    <subfield code="3">RU\NLR\AUTH\8810039174</subfield>
    <subfield code="9">577258</subfield>
  </datafield>
  <datafield tag="801" ind1=" " ind2="0">
    <subfield code="a">RU</subfield>
    <subfield code="b">NLR</subfield>
    <subfield code="g">psbo</subfield>
  </datafield>
  <datafield tag="801" ind1=" " ind2="0">
    <subfield code="a">RU</subfield>
    <subfield code="b">RuMoRGB</subfield>
    <subfield code="2">psbo</subfield>
  </datafield>
  <datafield tag="801" ind1=" " ind2="1">
    <subfield code="a">RU</subfield>
    <subfield code="b">ProSoft-M</subfield>
    <subfield code="2">rusmarc</subfield>
  </datafield>
  <datafield tag="852" ind1=" " ind2=" ">
    <subfield code="a">NLR</subfield>
    <subfield code="j">18.4.3.181</subfield>
  </datafield>
  <datafield tag="856" ind1=" " ind2="0">
    <subfield code="u">https://vivaldi.nlr.ru/bx000027552/view</subfield>
  </datafield>
  <datafield tag="856" ind1=" " ind2="1">
    <subfield code="u">https://vivaldi.nlr.ru/bx000027552/cover</subfield>
  </datafield>
  <datafield tag="856" ind1=" " ind2="2">
    <subfield code="u">https://vivaldi.nlr.ru/bx000027552/text</subfield>
  </datafield>
  <datafield tag="899" ind1=" " ind2=" ">
    <subfield code="a">RuMoRGB</subfield>
    <subfield code="j">&#x41F;&#x440;&#x438;&#x43F;&#x43B;&#x435;&#x442; &#x43A; H 496/63</subfield>
  </datafield>
  <datafield tag="899" ind1=" " ind2=" ">
    <subfield code="a">&#x411;&#x410;&#x41D;</subfield>
  </datafield>
  <datafield tag="899" ind1=" " ind2=" ">
    <subfield code="a">&#x41D;&#x411; &#x421;&#x41F;&#x431;&#x413;&#x423;</subfield>
  </datafield>
  <datafield tag="899" ind1=" " ind2=" ">
    <subfield code="a">&#x413;&#x41F;&#x418;&#x411;</subfield>
  </datafield>
  <datafield tag="899" ind1=" " ind2=" ">
    <subfield code="a">&#x41D;&#x411; &#x41C;&#x413;&#x423;</subfield>
  </datafield>
  <datafield tag="942" ind1=" " ind2=" ">
    <subfield code="c">BOOK</subfield>
  </datafield>
  <datafield tag="980" ind1=" " ind2=" ">
    <subfield code="a">NB</subfield>
  </datafield>
  <datafield tag="981" ind1="2" ind2="2">
    <subfield code="a">(22) &#x41C;&#x430;&#x442;&#x435;&#x440;&#x438;&#x430;&#x43B;&#x44B; &#x43F;&#x43E; &#x438;&#x441;&#x442;&#x43E;&#x440;&#x438;&#x438; &#x420;&#x43E;&#x441;&#x441;&#x438;&#x438;</subfield>
    <subfield code="b">(22) &#x41A;&#x443;&#x43B;&#x44C;&#x442;&#x443;&#x440;&#x430;. &#x41D;&#x430;&#x443;&#x43A;&#x430;. &#x41F;&#x440;&#x43E;&#x441;&#x432;&#x435;&#x449;&#x435;&#x43D;&#x438;&#x435;.</subfield>
  </datafield>
  <datafield tag="981" ind1="2" ind2="0">
    <subfield code="a">(20) &#x41A;&#x43D;&#x438;&#x436;&#x43D;&#x44B;&#x435; &#x43F;&#x430;&#x43C;&#x44F;&#x442;&#x43D;&#x438;&#x43A;&#x438; &#x420;&#x41D;&#x411;</subfield>
    <subfield code="b">(20) &#x420;&#x443;&#x441;&#x441;&#x43A;&#x438;&#x439; &#x43A;&#x43D;&#x438;&#x436;&#x43D;&#x44B;&#x439; &#x444;&#x43E;&#x43D;&#x434;</subfield>
  </datafield>
  <datafield tag="995" ind1=" " ind2=" ">
    <subfield code="5">2013-10-26</subfield>
    <subfield code="b">NLR02</subfield>
    <subfield code="c">NLR02</subfield>
    <subfield code="e">RFS</subfield>
    <subfield code="f">4429728-10</subfield>
    <subfield code="k">18.4.3.181</subfield>
    <subfield code="o">0</subfield>
    <subfield code="r">BOOK</subfield>
    <subfield code="s">1843181_</subfield>
  </datafield>
  <datafield tag="995" ind1=" " ind2=" ">
    <subfield code="5">2013-10-26</subfield>
    <subfield code="b">NLR01</subfield>
    <subfield code="c">NLR01</subfield>
    <subfield code="e">TEMP</subfield>
    <subfield code="f">4429728-30</subfield>
    <subfield code="o">0</subfield>
    <subfield code="r">BOOK</subfield>
  </datafield>
  <datafield tag="995" ind1=" " ind2=" ">
    <subfield code="5">2013-10-26</subfield>
    <subfield code="b">NLR01</subfield>
    <subfield code="c">NLR01</subfield>
    <subfield code="e">TEMP</subfield>
    <subfield code="f">4429728-40</subfield>
    <subfield code="o">0</subfield>
    <subfield code="r">BOOK</subfield>
  </datafield>
  <datafield tag="995" ind1=" " ind2=" ">
    <subfield code="5">2013-10-26</subfield>
    <subfield code="b">NLR01</subfield>
    <subfield code="c">NLR01</subfield>
    <subfield code="e">TEMP</subfield>
    <subfield code="f">4429728-50</subfield>
    <subfield code="o">0</subfield>
    <subfield code="r">BOOK</subfield>
  </datafield>
  <datafield tag="995" ind1=" " ind2=" ">
    <subfield code="5">2013-10-26</subfield>
    <subfield code="b">NLR01</subfield>
    <subfield code="c">NLR01</subfield>
    <subfield code="e">TEMP</subfield>
    <subfield code="f">4429728-60</subfield>
    <subfield code="o">0</subfield>
    <subfield code="r">BOOK</subfield>
  </datafield>
</record>
